000 01122njm a22003017a 4500
005 20100920105823.0
006 a|||||r|||||00| 0
007 sd ammalaaahaa
008 100913t xxu||||| |||| 00| 0 hin d
028 _aD/ELRZ13
_bRegal
035 _aGR-03800
040 _aSED/VEN
100 _aMangeshkar, Lata
_91184
245 _aMere Watan Ke Logo /
_cby Lata Mangeshkar ;music by Hemant Kumar
_h[sound recording] :
246 _aमेरे वतन के लोगो / शब्बीर कुमार
260 _aDum Dum India
_bSuper
_c1969
300 _a1 sound disc [Gramophone record] :
_banalog, 33 1/3 rpm
_c12.5 in. (LP)
_fGramophone Record
500 _aBrief Record
500 _aRecord label :Regal, Red
505 _aSide 1 (bande matram) (Lata Mangeshkar); Side--2 (aye meere watan ke logo)(Lata Mangeshkar)
600 _aMangeskar, lata
_919992
650 _aFilm Music
_xExcerpts
_zIndia
_920525
650 _920526
700 _919604
_aHemant Kumar
700 _919605
942 _2ddc
_cGR
999 _c46900
_d46900